MARC details
| 000 -LEADER |
| fixed length control field |
01863pam a2200421 i 4500 |
| 001 - CONTROL NUMBER |
| control field |
018674434 |
| 003 - CONTROL NUMBER IDENTIFIER |
| control field |
EG-ScBUE |
| 005 - DATE AND TIME OF LATEST TRANSACTION |
| control field |
20210804100912.0 |
| 008 - FIXED-LENGTH DATA ELEMENTS--GENERAL INFORMATION |
| fixed length control field |
171128t2018 enka f b 001 0 eng d |
| 020 ## - INTERNATIONAL STANDARD BOOK NUMBER |
| International Standard Book Number |
9781855147065 |
| 040 ## - CATALOGING SOURCE |
| Original cataloging agency |
StDuBDS |
| Language of cataloging |
eng |
| Description conventions |
rda |
| Transcribing agency |
StDuBDS |
| Modifying agency |
Uk |
| -- |
EG-ScBUE |
| 082 04 - DEWEY DECIMAL CLASSIFICATION NUMBER |
| Classification number |
779.20922 |
| Item number |
PRO |
| Edition number |
22 |
| 100 1# - MAIN ENTRY--PERSONAL NAME |
| Personal name |
Prodger, Phillip, |
| Relator term |
author. |
| 245 10 - TITLE STATEMENT |
| Title |
Victorian giants : |
| Remainder of title |
the birth of art photography : Julia Margaret Cameron, Lewis Carroll, Clementina Hawarden, Oscar Rejlander / |
| Statement of responsibility, etc |
Phillip Prodger ; with a foreword by HRH the Duchess of Cambridge. |
| 264 #1 - PUBLICATION, DISTRIBUTION, ETC. (IMPRINT) |
| Place of publication, distribution, etc |
London : |
| Name of publisher, distributor, etc |
National Portrait Gallery, |
| Date of publication, distribution, etc |
[2018] |
| 264 #4 - PUBLICATION, DISTRIBUTION, ETC. (IMPRINT) |
| Date of publication, distribution, etc |
©2018 |
| 300 ## - PHYSICAL DESCRIPTION |
| Extent |
239 pages : |
| Other physical details |
illustrations (black and white, and colour) ; |
| Dimensions |
27 cm |
| 336 ## - CONTENT TYPE |
| Content type term |
text |
| Source |
rdacontent |
| Content type code |
txt |
| 336 ## - CONTENT TYPE |
| Content type term |
still image |
| Source |
rdacontent |
| Content type code |
txt |
| 337 ## - MEDIA TYPE |
| Media type term |
unmediated |
| Source |
rdamedia |
| Media type code |
n |
| 338 ## - CARRIER TYPE |
| Carrier type term |
volume |
| Source |
rdacarrier |
| Carrier type code |
nc |
| 500 ## - GENERAL NOTE |
| General note |
Published to accompany the exhibition of the same name held at the National Portrait Gallery, London, 1st March-20th May 2018 ; Millennium Gallery, Sheffield, 30th June-23rd September 2018. |
| 500 ## - GENERAL NOTE |
| General note |
Formerly CIP. |
| Institution to which field applies |
Uk |
| 504 ## - BIBLIOGRAPHY, ETC. NOTE |
| Bibliography, etc |
Includes bibliographical references and index. |
| 600 17 - SUBJECT ADDED ENTRY--PERSONAL NAME |
| Personal name |
Rejlander, O. G. |
| Fuller form of name |
(Oscar Gustav), |
| Dates associated with a name |
1813-1875. |
| Source of heading or term |
BUEsh |
| 600 17 - SUBJECT ADDED ENTRY--PERSONAL NAME |
| Personal name |
Cameron, Julia Margaret, |
| Dates associated with a name |
1815-1879. |
| Source of heading or term |
BUEsh |
| 600 17 - SUBJECT ADDED ENTRY--PERSONAL NAME |
| Personal name |
Carroll, Lewis, |
| Dates associated with a name |
1832-1898. |
| Source of heading or term |
BUEsh |
| 600 17 - SUBJECT ADDED ENTRY--PERSONAL NAME |
| Personal name |
Hawarden, Clementina, |
| Titles and other words associated with a name |
Viscountess, |
| Dates associated with a name |
1822-1865. |
| Source of heading or term |
BUEsh |
| 650 #7 - SUBJECT ADDED ENTRY--TOPICAL TERM |
| Topical term or geographic name as entry element |
Photography, Artistic. |
| Source of heading or term |
BUEsh |
| 650 #7 - SUBJECT ADDED ENTRY--TOPICAL TERM |
| Topical term or geographic name as entry element |
Portraits, Victorian. |
| Source of heading or term |
BUEsh |
| 653 ## - INDEX TERM--UNCONTROLLED |
| Resource For college |
Arts and Design |
| Arrived date list |
August2021 |
| 655 ## - INDEX TERM--GENRE/FORM |
| Form subdivision |
Reading book |
| 9 (RLIN) |
34232 |
| 710 2# - ADDED ENTRY--CORPORATE NAME |
| Corporate name or jurisdiction name as entry element |
National Portrait Gallery (Great Britain), |
| Relator term |
host institution. |
| 710 2# - ADDED ENTRY--CORPORATE NAME |
| Corporate name or jurisdiction name as entry element |
Millennium Gallery (Sheffield, England), |
| Relator term |
host institution. |
| 942 ## - ADDED ENTRY ELEMENTS (KOHA) |
| Source of classification or shelving scheme |
Dewey Decimal Classification |
| Koha item type |
Book - Borrowing |